Most Valuable Football Clubs - Statistics

General Stats
  • This quiz has been taken 71 times
  • The average score is 19 of 25
Answer Stats
Market Value Answer % Correct
€659.00m FC Barcelona
100%
€911.25m Manchester United
100%
€891.50m Chelsea FC
98%
€1.08bn Manchester City
98%
€746.00m Real Madrid
98%
€866.50m Liverpool FC
95%
€990.20m Paris Saint-Germain
95%
€563.50m Arsenal FC
92%
€840.50m Bayern Munich
92%
€697.25m Tottenham Hotspur
89%
€476.70m AC Milan
87%
€602.90m Juventus FC
87%
€603.80m Borussia Dortmund
86%
€525.90m Inter Milan
84%
€745.90m Atletico de Madrid
78%
€429.25m AS Roma
68%
€518.90m SSC Napoli
67%
€415.90m Sevilla FC
65%
€548.10m Leicester City
57%
€413.10m Aston Villa
56%
€428.75m Everton FC
54%
€497.55m RB Leipzig
41%
€415.35m Atalanta BC
40%
€387.45m Bayer 04 Leverkusen
37%
€387.00m Real Sociedad
13%
No matching quizzes found
Score Distribution
Percent of People with Each Score
Percentile by Number Answered
Your Score History
You have not taken this quiz